000 00434nam a2200145Ia 4500
008 100204s9999 xx 000 0 und d
082 _b1061
100 _aबोरकर विष्णू जयवंत
245 _aजिराफ
260 _b"विश्वमोहिनी प्रकाशन , पुणे"
_c1976
300 _a180
630 _aजिराफ
730 _aजिराफ
942 _cBOOK
999 _c447103
_d447100